000 00339nam a22001577a 4500
003 NUST
020 _a9781639894697
038 _akhadija
082 _a530.1
_bGRE
100 _aGreen
_991794
245 _aRelativity /
_cMegan Green
260 _aUSA
_bStates Academic Press
_c2022
300 _ap205
563 _aHB
942 _2ddc
_cBK
999 _c589921
_d589921